Historical collections of Virginia; (Record no. 52395)

MARC details
000 -LEADER
fixed length control field 01483cam a22003251i 4500
001 - CONTROL NUMBER
control field rc 01002754
003 - CONTROL NUMBER IDENTIFIER
control field DLC
005 - DATE AND TIME OF LATEST TRANSACTION
control field 20260227111907.0
007 - PHYSICAL DESCRIPTION FIXED FIELD--GENERAL INFORMATION
fixed length control field cr_|||||||||||
007 - PHYSICAL DESCRIPTION FIXED FIELD--GENERAL INFORMATION
fixed length control field cr_|||||||||||
008 - FIXED-LENGTH DATA ELEMENTS--GENERAL INFORMATION
fixed length control field 790611s1846 scuacf 000 0 eng
010 ## - LIBRARY OF CONGRESS CONTROL NUMBER
LC control number rc 01002754
035 ## - SYSTEM CONTROL NUMBER
System control number (OCoLC)5054131
040 ## - CATALOGING SOURCE
Original cataloging agency DLC
Transcribing agency ViW
Modifying agency OCoLC
-- DLC
042 ## - AUTHENTICATION CODE
Authentication code premarc
050 00 - LIBRARY OF CONGRESS CALL NUMBER
Classification number F226
Item number .H85
100 1# - MAIN ENTRY--PERSONAL NAME
Personal name Howe, Henry,
Dates associated with a name 1816-1893.
245 10 - TITLE STATEMENT
Title Historical collections of Virginia;
Remainder of title containing a collection of the most interesting facts, traditions, biographical sketches, anecdotes &c. relating to its history and antiquities, together with geographical and statistical descriptions. To which is appended, an historical and descriptive sketch of the District of Columbia. Illus. by over 100 engravings ...
Statement of responsibility, etc. By Henry Howe.
260 ## - PUBLICATION, DISTRIBUTION, ETC.
Place of publication, distribution, etc. Charleston, S.C.,
Name of publisher, distributor, etc. Babcock & co.,
Date of publication, distribution, etc. 1846.
300 ## - PHYSICAL DESCRIPTION
Extent 1 p. l., x, [11]-544 p.
Other physical details col. front., illus., plates, ports., fold. map.
Dimensions 24 cm.
500 ## - GENERAL NOTE
General note Added t.-p., engraved.
530 ## - ADDITIONAL PHYSICAL FORM AVAILABLE NOTE
Additional physical form available note Also available in digital form on the Internet Archive Web site.
530 ## - ADDITIONAL PHYSICAL FORM AVAILABLE NOTE
Additional physical form available note Also available in digital form on the Internet Archive Web site.
651 #0 - SUBJECT ADDED ENTRY--GEOGRAPHIC NAME
Geographic name Virginia
General subdivision History, Local.
651 #0 - SUBJECT ADDED ENTRY--GEOGRAPHIC NAME
Geographic name Virginia
General subdivision History.
651 #0 - SUBJECT ADDED ENTRY--GEOGRAPHIC NAME
Geographic name Virginia
General subdivision Description and travel.
651 #0 - SUBJECT ADDED ENTRY--GEOGRAPHIC NAME
Geographic name Washington (D.C.)
General subdivision Description and travel.
856 41 - ELECTRONIC LOCATION AND ACCESS
Uniform Resource Identifier <a href="http://hdl.loc.gov/loc.gdc/scd0001.00066703794">http://hdl.loc.gov/loc.gdc/scd0001.00066703794</a>
856 41 - ELECTRONIC LOCATION AND ACCESS
Uniform Resource Identifier <a href="http://hdl.loc.gov/loc.gdc/scd0001.00143664181">http://hdl.loc.gov/loc.gdc/scd0001.00143664181</a>

No items available.

Powered by Koha